| 000 | 00478nam a2200181Ia 4500 | ||
|---|---|---|---|
| 008 | 240925s9999 xx 000 0 und d | ||
| 020 | _a205174108 | ||
| 082 | _a362 HAR | ||
| 100 | _aHardman ,Michael L. | ||
| 245 | 0 | _aHuman Exceptionality: society, school and family | |
| 250 | _aNA | ||
| 260 |
_aBoston: _bAllyn and Bacon _c,1996. |
||
| 300 |
_axv,704p. _bNA _fOriginal |
||
| 500 | _aIncludes Index | ||
| 600 | _aSocial Sciences | ||
| 650 | _aSocial Sciences | ||
| 942 | _cBK | ||
| 999 |
_c5446 _d5446 |
||